[Event "IMSA Rapid 2016"]
[Site "Huai'an CHN"]
[Date "2016.02.27"]
[Round "7.4"]
[White "Wang, Hao"]
[Black "Tomashevsky, Evgeny"]
[Result "1-0"]
[WhiteTitle "GM"]
[BlackTitle "GM"]
[WhiteElo "2717"]
[BlackElo "2728"]
[WhiteFideId "8602883"]
[BlackFideId "4147235"]
[EventDate "2016.02.26"]
[EventType "rapid"]

1. d4 Nf6 2. c4 e6 3. Nf3 b6 4. g3 Bb7 5. Bg2 Be7 6. O-O O-O 7. Re1 d5 8. cxd5
exd5 9. Nc3 Na6 10. Ne5 c5 11. Be3 Nc7 12. Qa4 Qe8 13. Red1 Qxa4 14. Nxa4 cxd4
15. Bxd4 Ne6 16. Be3 Rfd8 17. Rac1 Rab8 18. Nf3 Ng4 19. Bd4 Rbc8 20. Rxc8 Rxc8
21. Nc3 Nf6 22. Bh3 Nxd4 23. Nxd4 Rc5 24. Nf5 Kf8 25. Bg2 Ne4 26. Bxe4 dxe4 27.
Rd7 Rxf5 28. Rxb7 Bf6 29. Nxe4 Ra5 30. Nxf6 gxf6 31. a3 Kg7 32. Rd7 Rb5 33. b4
a5 34. Rd4 Re5 35. e3 axb4 36. axb4 Re6 37. Rd5 Kg6 38. Kg2 f5 39. Kf3 h5 40. h4
Rc6 41. Kf4 Rc4+ 42. Rd4 Rc2 43. Rd6+ f6 1-0

[Event "IMSA Rapid 2016"]
[Site "Huai'an CHN"]
[Date "2016.02.27"]
[Round "7.5"]
[White "Wojtaszek, Radoslaw"]
[Black "Mamedov, Rauf"]
[Result "1/2-1/2"]
[WhiteTitle "GM"]
[BlackTitle "GM"]
[WhiteElo "2727"]
[BlackElo "2650"]
[WhiteFideId "1118358"]
[BlackFideId "13401653"]
[EventDate "2016.02.26"]
[EventType "rapid"]

1. d4 g6 2. c4 Bg7 3. e4 d6 4. Nc3 Nf6 5. Nf3 O-O 6. Be2 c5 7. O-O cxd4 8. Nxd4
Nc6 9. Be3 Bd7 10. Qd2 Nxd4 11. Bxd4 Bc6 12. Bd3 a5 13. Rae1 a4 14. Nd5 e6 15.
Nb4 Bd7 16. Rd1 Qe7 17. Rfe1 Rfc8 18. Bf1 e5 19. Bb6 Be6 20. b3 axb3 21. axb3
Nd7 22. Be3 Nc5 23. Qxd6 Qxd6 24. Rxd6 Nxb3 25. Nd5 Bf8 26. Rb6 Nc5 27. f3 Ra3
28. Bf2 Nd3 29. Bxd3 Rxd3 30. Rxb7 Rxc4 31. Ne7+ Kg7 32. Bg3 Kf6 33. Ng8+ Kg7
34. Ne7 Kf6 35. Ng8+ Kg7 36. Ne7 Kf6 1/2-1/2

[Event "IMSA Rapid 2016"]
[Site "Huai'an CHN"]
[Date "2016.02.27"]
[Round "7.6"]
[White "Ivanchuk, Vassily"]
[Black "Li, Chao b"]
[Result "0-1"]
[WhiteTitle "GM"]
[BlackTitle "GM"]
[WhiteElo "2710"]
[BlackElo "2751"]
[WhiteFideId "14100010"]
[BlackFideId "8604436"]
[EventDate "2016.02.26"]
[EventType "rapid"]

1. e4 e5 2. Nf3 Nf6 3. Nxe5 d6 4. Nxf7 Kxf7 5. Nc3 g6 6. d4 Kg7 7. Be3 Ng4 8.
Bf4 Be7 9. Qd2 Rf8 10. Be2 g5 11. Bg3 Nc6 12. Nd5 h6 13. Bxg4 Bxg4 14. f3 Be6
15. O-O-O Bxd5 16. exd5 Nb8 17. Rde1 Nd7 18. Re6 Rf6 19. Rhe1 Rxe6 20. dxe6 Nf6
21. d5 c6 22. dxc6 bxc6 23. h4 Nh5 24. Bf2 c5 25. Kb1 Rb8 26. b3 a5 27. hxg5
hxg5 28. Be3 a4 29. Rh1 axb3 30. axb3 Ng3 31. Rh3 Nf5 32. Qd3 Nh4 33. f4 Ra8 34.
Bd2 Bf6 35. Bc3 Bxc3 36. Qxc3+ Qf6 37. fxg5 Qxc3 38. Rxc3 Re8 39. Re3 Nxg2 40.
Re4 Kg6 41. b4 Kf5 42. Re2 Nf4 43. Rd2 Rxe6 44. bxc5 dxc5 45. Kb2 Re3 46. Rd8
Kxg5 47. Rf8 Ne6 48. Rf1 Nd4 49. c3 Nb5 50. Rc1 c4 51. Rd1 Re2+ 52. Kc1 Na3 53.
Rd5+ Kf4 0-1

[Event "IMSA Rapid 2016"]
[Site "Huai'an CHN"]
[Date "2016.02.27"]
[Round "7.7"]
[White "Fressinet, Laurent"]
[Black "Wang, Yue"]
[Result "1/2-1/2"]
[WhiteTitle "GM"]
[BlackTitle "GM"]
[WhiteElo "2700"]
[BlackElo "2718"]
[WhiteFideId "608742"]
[BlackFideId "8601429"]
[EventDate "2016.02.26"]
[EventType "rapid"]

1. e4 e5 2. Nf3 Nf6 3. Nc3 Bb4 4. Nxe5 O-O 5. Nd3 Bxc3 6. dxc3 Nxe4 7. Be2 d6 8.
O-O Re8 9. Re1 Nd7 10. Bf1 Nec5 11. Rxe8+ Qxe8 12. Nf4 Nf6 13. Be3 Ne6 14. Nd5
Nxd5 15. Qxd5 Qc6 16. Qxc6 bxc6 17. g3 c5 18. b4 Rb8 19. Rb1 a5 20. b5 Nf8 21.
Bd2 Nd7 22. c4 a4 23. Ba5 Nb6 24. Bxb6 Rxb6 25. Re1 Kf8 26. Re3 Bf5 27. Bd3 Be6
28. Be2 Rb7 29. Ra3 Ra7 30. Bd3 Ke7 31. f4 g6 32. Kf2 Kd7 33. Ke3 f5 34. Be2 c6
35. bxc6+ Kxc6 36. Kd2 Bf7 37. Re3 Kd7 38. a3 Rb7 39. Kc1 Rb8 40. Bd3 Be6 41.
Re1 Ke7 42. Kd2 Kf6 43. Kc3 Bd7 44. Bf1 Bc6 45. Rd1 Ke6 46. Re1+ Kd7 47. Bd3 Bg2
48. h4 h5 49. Kd2 Rb2 50. Kc1 Rb8 51. Kd2 Rb2 52. Kc1 Rb8 53. Kd2 1/2-1/2

[Event "IMSA Rapid 2016"]
[Site "Huai'an CHN"]
[Date "2016.02.27"]
[Round "7.8"]
[White "Navara, David"]
[Black "Movsesian, Sergei"]
[Result "1-0"]
[WhiteTitle "GM"]
[BlackTitle "GM"]
[WhiteElo "2734"]
[BlackElo "2653"]
[WhiteFideId "309095"]
[BlackFideId "310204"]
[EventDate "2016.02.26"]
[EventType "rapid"]

1. e4 c5 2. Nf3 e6 3. d4 cxd4 4. Nxd4 Nc6 5. Nc3 Qc7 6. Be2 a6 7. O-O Nf6 8. Be3
Be7 9. f4 d6 10. Qe1 O-O 11. Qg3 d5 12. e5 Nxd4 13. Bxd4 Bc5 14. Qe3 Bxd4 15.
Qxd4 Nd7 16. Bd3 Qc5 17. Ne2 Qxd4+ 18. Nxd4 Nc5 19. b4 Na4 20. g4 Bd7 21. f5
Rfe8 22. f6 g6 23. Rf3 a5 24. Rh3 Nb2 25. Nf3 Nxd3 26. cxd3 Bb5 27. Ng5 h5 28.
gxh5 gxh5 29. Kh1 Rec8 30. Rg1 Kf8 31. Nxe6+ Ke8 32. Nd4 Ba4 33. Rxh5 axb4 34.
Rh7 1-0